000 01132nam a22002777a 4500
005 20240530110616.0
008 161130s2014 ua a g b 000 0 ara d
017 _a2014/24091
_bمصر . دار الكتب المصرية
020 _a9789777220491
040 _aEG-CaGPL
082 0 4 _221
_a327.16\
_bم أ
100 0 _aمحمد صادق
245 1 0 _aامن الخليج العربي :
_bالواقع وافاق المستقبل /
_cمحمد صادق
250 _aط. 1
260 _aالقاهرة :
_bالمجموعة العربية للنشر والتوزيع ،
_c2014.
300 _a207 ص. :
_bجداول ؛
_c24 سم.
504 _aببليوجرافية : ص 199 - 207
650 0 7 _2qrmak
_aالامن القومي
650 0 7 _2qrmak
_aالشيعة
651 0 7 _2qrmak
_aالخليج العربي
651 0 7 _2qrmak
_aالخليج العربي
_xالاحوال السياسية
651 0 7 _2qrmak
_aالخليج العربي
_xالتدخل الاجنبي
_zالولايات المتحدة الامريكية
651 0 7 _2qrmak
_aايران
942 _2ddc
_cBK
999 _c62961
_d62961